000 01080cam a2200289 a 4500
001 2503296
003 NUST - PNEC
005 20170116180838.0
008 920224s1992 enk b 001 0 eng
010 _a 92009311
020 _a052142058X (hc)
040 _aDLC
_cLIBRARY
_dDLC
050 0 0 _aQA925
_b.S28 1992
082 0 0 _a532.0595 SAF
100 1 _aSaffman, P. G.
245 1 0 _aVortex dynamics /
_cP.G. Saffman.
260 _aCambridge ;
_aNew York :
_bCambridge University Press,
_c1992.
300 _axi, 311 p. ;
_c24 cm.
440 0 _aCambridge monographs on mechanics and applied mathematics
504 _aIncludes bibliographical references (p. [296]-308) and index.
650 0 _aVortex-motion.
_xME
856 4 2 _3Publisher description
_uhttp://www.loc.gov/catdir/description/cam025/92009311.html
856 4 1 _3Table of contents
_uhttp://www.loc.gov/catdir/toc/cam024/92009311.html
906 _a7
_bcbc
_corignew
_d1
_eocip
_f19
_gy-gencatlg
942 _2ddc
_cBK
999 _c64293
_d64293